1822 1166 1105 1272 1657 1842 1718 1999 1731 1870 1694 1038 1043 1242 1388 1240 1455 1209 1063 1657 1537 1107 1786 1351 1671 1018 1616 1770 1148 1271 1196 1748 1918 1212 1437 1702 1366 1229 1916 1667 1802 1950 1743 1076 1732 1428 1859 1580 1132 1758 1660 1544 1268 1177 1354 1770 1530 1572 1439 1163 1996 1098 1768 1630 1469 1469 1848 1155 1786 1300 1176 1295 1790 1979 1516 1399 1734 1365 1175 1401 1383 1775 1883 1346 1261 1809 1716 1142 1972 1734 1262 2000 1631 1498 1360 1452 1770 1974 1155 BCNSPRNW ULIB Ver.6.0+V

เปลี่ยนเป็นภาษาไทย

Change to English
 แสดงรายละเอียดบรรณานุกรม
  กลับหน้าหลัก

Brief Record : Get Marc (ISO 2709) : E-mail record : QR code < ปิดหน้าต่าง
LEADER : 00000nam 2200000uu 4500
001    13399113449
003     ULIB
008    111117s2553||||th 000 0 tha d
020    ^a9789746452797(ล.3)
060  4 ^aWY150^bส627ก ล3
110 1  ^aมหาวิทยาลัยสุโขทัยธรรมาธิราช^bสาขาวิชาพยาบาลศาสตร์
245 00 ^aเอกสารการสอนชุดวิชา การพยาบาลผู้ใหญ่และผู้สูงอายุ หน่วยที่11-15=^bAdult and elderly nursing /^cบรรณาธิการ ศรีนวล สถิตวิทยานันท์
246 31 ^a Adult and elderly nursing
250    ^aพิมพ์ครั้งที่ 11
260    ^aนนทบุรี:^bศูนย์หนังสือมหาวิทยาลัยสุโขทัยธรรมาธิราช,^c2553
300    ^a582 หน้า
650  7 ^aการพยาบาลผู้สูงอายุ
650  7 ^aการพยาบาลผู้ใหญ่
700 0  ^aศรีนวล สถิตวิทยานันท์,^eบรรณาธิการ
710 2  ^aมหาวิทยาลัยสุโขทัยธรรมาธิราช^bสาขาวิชาพยาบาลศาสตร์
945    ^p245^l0^i030723
945    ^p245^l0^i030724
945    ^p245^l0^i030725
945    ^p245^l0^i030726
945    ^p245^l0^i030728
995    ^a เกษร
999    ^aใช้งานได้ทุกระบบ
รายการนี้ยังไม่มีแท็ก
คุณยังไม่ได้ล็อกอิน คุณสามารถมีกิจกรรมร่วมกับเว็บไซต์ได้ แต่ต้องล็อกอินก่อน ::
  ล็อกอิน

รายการสื่อสารสนเทศ

ลำดับที่ ประเภท เลขเรียก/บาร์โค้ด สถานที่ สถานะ
1. วิทยาศาสตร์การแพทย์ และสุขภาพ
หนังสือสำรอง
สถานะ=หนังสือสำรอง
WY150 ส627ก ล3 ฉ.1 
  Barcode: 030723
ห้องสมุดวิทยาเขตสวรรค์ประชารักษ์
►ส่วนจัดเก็บหนังสือเก่า สปร
บนชั้น
  ขอยืม
2. วิทยาศาสตร์การแพทย์ และสุขภาพ
วิทยาศาสตร์การแพทย์ และสุขภาพ
WY150 ส627ก ล3 ฉ.2 
  Barcode: 030724
ห้องสมุดวิทยาเขตสวรรค์ประชารักษ์
►ส่วนจัดเก็บหนังสือเก่า สปร
บนชั้น
  ขอยืม
3. วิทยาศาสตร์การแพทย์ และสุขภาพ
วิทยาศาสตร์การแพทย์ และสุขภาพ
WY150 ส627ก ล3 ฉ.5 
  Barcode: 030728
ห้องสมุดวิทยาเขตสวรรค์ประชารักษ์
►ส่วนจัดเก็บหนังสือเก่า สปร
บนชั้น
  ขอยืม

รายการใกล้เคียง
    หัวเรื่อง [การพยาบาลผู้สูงอายุ]
    หัวเรื่อง [การพยาบาลผู้ใหญ่]

BibComment


ยังไม่เคยถูกคอมเมนท์

คอมเมนท์ทรัพยากรรายการนี้
  คอมเมนท์: เอกสารการสอนชุดว..


 Copyright 2026. Bcnsprnw @Library